MDQL
is popping MORE tags! Check the
thread
!
Quizzes
Events
Quiz Creation
Community
Videos
Private Events
Remove Ads
Sign In
Join for FREE
Feedback
Dark Mode
Quiz Categories
Sports
Geography
Music
Movies
Television
Just For Fun
Miscellaneous
History
Literature
Language
Science
Gaming
Entertainment
Religion
Holiday
For Kids
Quiz Lab
Recent
Popular Today
Quiz Kudos Today
Editor Picks
Curator Picks
Quizzes by...
Day
Popularity
Type
Ratings
Length
Year
Community
Subscriptions
Recent Discussions
Orange Saloon
Badges
Playlists
Quests
Create
Leaderboards
Showdown
Live 5
Trivia Bingo
Activity
Puzzle Library
Sporcle Events
Private Events
Virtual Trivia
Globe League
Become a Host
Pub Owners
SporcleCon
Opinionation
Our Games
Videos
Blog
Mobile Apps
Partnerships
Remove Ads and Go Orange
Feedback
Sports
Athletes
MLB
NBA
NHL
NFL
Soccer
Sports Teams
WWE
NCAA
Football
Premier League
Basketball
Baseball
Hockey
Golf
Tennis
Cricket
Rugby
Auto Racing
Olympics
World Cup
Sports
Athletes
MLB
NBA
NHL
NFL
Soccer
Sports Teams
WWE
NCAA
Football
Premier League
Basketball
Baseball
Hockey
Golf
Tennis
Cricket
Rugby
Auto Racing
Olympics
World Cup
Random Quiz
Search Sporcle
×
Quiz Lab
Quiz Lab
Sports
NBA
Type in answers that appear in a list
Type in answers that appear in a list
Classic
Best Score? Go Orange.
NBA 2009-10 Opening Day Starting Lineups Stats
Can you name the NBA 2009-10 Opening Day Starters by Team?
By
statto
15m
150 Questions
4,984 Plays
4,984 Plays
4,984 Plays
Comments
Comments
Give Quiz Kudos
Give Quiz Kudos
-
- Ratings
hide this ad
Replay
Link that replays current quiz
Next Quiz
Link to next quiz in quiz playlist
You Got
0%
They Got
Avg Score
61%
Avg Friend Score
Upgrade to see
Score Distribution
Jump to the score distribution portion of the page
Score
0/150
Timer
15:00
0
Plays Today
% Correct
LeBron James
94.7%
Kevin Garnett
94.5%
Paul Pierce
94.3%
Ray Allen
93.5%
Rajon Rondo
93%
Kobe Bryant
92.6%
Marvin Williams
91.1%
Mo Williams
91%
Deron Williams
90.9%
Louis Williams
90.8%
Dwyane Wade
90.3%
Dirk Nowitzki
89.8%
Derrick Rose
89.6%
Marc Gasol
89%
Kevin Durant
88.8%
Steve Nash
88.7%
Josh Smith
88.6%
Joe Johnson
88.5%
Carmelo Anthony
88.5%
Gerald Wallace
88.5%
Dwight Howard
88.5%
Ben Wallace
88.4%
Tony Parker
88.3%
Anthony Parker
88.2%
David West
87.9%
Chris Paul
87.8%
Shaquille O'Neal
87.2%
Kendrick Perkins
86.7%
Jason Kidd
86%
Tim Duncan
85.7%
Jermaine O'Neal
85.7%
Chauncey Billups
83.6%
Andrew Bynum
80.8%
Joakim Noah
80.7%
Russell Westbrook
80.5%
Derek Fisher
80.3%
Amar'e Stoudemire
80.2%
Vince Carter
79.3%
Anthony Carter
79%
Chris Bosh
78.4%
Stephen Curry
77.6%
Al Horford
77.6%
Carlos Boozer
77%
Baron Davis
77%
Richard Hamilton
76.4%
Brandon Roy
76.2%
Gilbert Arenas
76.1%
Tyson Chandler
76%
Wilson Chandler
75.8%
Al Jefferson
75.7%
% Correct
Richard Jefferson
75.7%
David Lee
75.1%
Courtney Lee
75%
Danny Granger
74.9%
Ron Artest
73%
Monta Ellis
72.7%
Eric Gordon
72.2%
Lamar Odom
71.8%
Jameer Nelson
71.7%
Stephen Jackson
71.2%
Brook Lopez
71.1%
Kenyon Martin
70.7%
Kevin Martin
70.7%
Shawn Marion
70.6%
Mike Bibby
70.6%
LaMarcus Aldridge
70.2%
Tayshaun Prince
70%
Rudy Gay
69.9%
Andrew Bogut
69.2%
Luol Deng
69%
Mike Miller
68.5%
Zach Randolph
68.4%
Jeff Green
68%
Raymond Felton
66.8%
Michael Redd
66.7%
Mike Conley
66.2%
Nene Hilario
66.1%
Caron Butler
65.8%
Devin Harris
64.5%
Emeka Okafor
64.5%
Grant Hill
64%
Andre Iguodala
63.1%
Quentin Richardson
61.2%
Elton Brand
60.2%
Brandon Jennings
58.8%
O.J. Mayo
58.8%
Chris Kaman
58.5%
Hedo Turkoglu
58.4%
Tyrus Thomas
58%
Kurt Thomas
57.6%
Sean May
57.1%
Mario Chalmers
57%
Andrei Kirilenko
56.4%
Roy Hibbert
56.1%
Greg Oden
55.4%
Aaron Brooks
55%
Jose Calderon
54.8%
Rodney Stuckey
53.8%
Tyreke Evans
53.3%
Mehmet Okur
53.2%
% Correct
Luis Scola
52.9%
Anderson Varejao
51.5%
Trevor Ariza
51.5%
Marcus Camby
50%
Samuel Dalembert
49.9%
Andrea Bargnani
49.6%
Eric Dampier
48.2%
Brandan Haywood
48.1%
Boris Diaw
46.6%
Michael Beasley
46.5%
Shane Battier
45.7%
Ryan Anderson
45.5%
Corey Brewer
45%
Ronnie Brewer
44.9%
Andris Biedrins
44.7%
Thaddeus Young
42.6%
T.J. Ford
42.2%
Jonny Flynn
41.5%
Leandro Barbosa
40.3%
DeMar DeRozan
39.9%
Jason Thompson
39.8%
Thabo Sefolosha
38.8%
Al Harrington
38.7%
John Salmons
38.3%
Troy Murphy
37.2%
Michael Finley
36.2%
Steve Blake
36.2%
Charlie Villanueva
32.1%
Chris Duhon
31.6%
Channing Frye
30.9%
Nenad Krstic
30.9%
Chuck Hayes
30.6%
Al Thornton
28.3%
Morris Peterson
27.4%
Fabricio Oberto
24.1%
Julian Wright
23.1%
Matt Bonner
22.4%
Yi Jianlian
21.9%
Mickael Pietrus
21.6%
Martell Webster
18.9%
Ryan Gomes
17.4%
Desmond Mason
16.3%
Luc Richard Mbah a Moute
15.3%
Brandon Rush
15.2%
Chris Douglas-Roberts
13.7%
Jared Jeffries
13.4%
Ronny Turiaf
12.5%
Quinton Ross
9.8%
Damien Wilkins
7.2%
Stephen Graham
6.8%
Quiz Playlist
Details
Report
Send in Message
Add To Playlist
Classic:
Type in answers that appear in a list
Quiz Source
Last Updated: May 13, 2017
Quiz Scoreboard
CHALLENGE
Sign Up to Join the Scoreboard
Show All
Scores
Hide
Comments
May contain spoilers
Recently Published
1-10 Letter E Words III
by El_Dandy
Language
2m
Street Fighter Characters
by Artimus82
Gaming
60s
College Basketball Coaching Resumes
by pancakes188
Sports
9m
More to Explore
Quiz From the Vault
Featured Blog Post
Where Did the Easter Bunny Come From?
hide this ad
You Might Also Like...
Tags
Basketball Quiz
NBA Quiz
2009-2010
Opening Day Starters
Starter
Starting
team
Today's Top Quizzes in Sports
Browse Sports
hide this ad
Today's Top Quizzes in NBA
Browse NBA
Top Contributed Quizzes in Sports
1
2022 World Cup Stars
2
Les meilleurs buteurs des matchs entre le PSG et l’OM
3
FIFA Club World Cup Champions
4
Les entraîneurs de l'OM et du PSG au 21e siècle
5
Criteria MLB: Left Handed Sluggers
6
2023 MLB Unique Player Accomplishments
7
AFC Teams Reveal (Wrong Answers Minefield)
8
Players with Multiple 50 Home Run Seasons
9
5-to-1: FBS Animal Nicknames
10
5-to-1: UK Sports Teams
Explore More
Trending Topics
Crossword
NBA
Kpop
Marvel
Disney
Anime
Harry Potter
WWE
Country
NFL
Soccer
Song
Pokémon
Puzzle
The Office
hide this ad
More By:
statto
Quiz
Plays
Rating
Category
Featured
Created
Opening Day Lineups: Diamondbacks
60,562
4.46
Sports
Sep 24, 2009
Most NCAAB Tourney Appearances by State
8,337
3.79
Sports
Sep 5, 2010
NBA 2009-10 Opening Day Starting Lineups
4,984
4.29
Sports
Oct 31, 2009
Never Top Flight English Clubs
3,857
4.38
Sports
Aug 24, 2010
Scottish Football League Clubs
2,532
4.23
Sports
Sep 24, 2009
Go to Creator's Profile
Score Distribution
Quiz Creator Spotlight
statto
Follow
Send a Message
Quizzes Created
-
Created Quiz Play Count
-
More By This Creator
Popular Quizzes Today
1
Find the US States - No Outlines Minefield
2
Find the Countries of Europe - No Outlines Minefield
3
Find the US States
4
The Countries of the World
5
Risky Map Clicking: Biggest States A-Z
6
US States
7
Popular People in 1961
8
Movies - When Are They Set?
More Sports Quizzes
F1 Driver by Number
Quiz Lab
Trending Quizzes
Risky Map Clicking: Least Populous States A-Z
1-10 Letter G Words
1-10 Letter F Words
Countries of the World: 200 Million BC
Risky Map Clicking: Next State Alphabetically
Recently Updated
Rides in Walt Disney World
pecheneg
Most Oscar Losses (Acting)
pecheneg
Beyoncé Albums
pecheneg
Leaping Animals
pecheneg
Reality TV Shows (A-Z)
bhenderson79
Rickey Henderson's Hall of Fame Teammates
pecheneg
Champions League XIs: Arsenal
pecheneg
Quick Pick: Celebrities in WWE's Hall of Fame
aduchscher
A-Z Keypad Blitz II
pecheneg
Trending Topics
Marvel
Disney
Anime
NBA
Crossword
Harry Potter
Kpop
Song
NFL
Pokémon
Country
Puzzle
The Office
WWE
Soccer
Your Account Isn't Verified!
In order to create a playlist on Sporcle, you need to verify the email address you used during registration. Go to your
Sporcle Settings
to finish the process.
Report this User
Report this user for behavior that violates our
Community Guidelines
.
Details:
Send Report
Go to the Sporcle.com Mobile Site →
Comments